Statistics for Countries with the Most Debt

Click here to take the quiz!

General Stats

  • This quiz has been taken 106 times
  • The average score is 26 of 30

Answer Stats

HintAnswer% Correct
$16,749,081,430,998United States of America
100%
$5,719,000,000,000Germany
98%
$3,024,000,000,000Japan
96%
$771,700,000,000China
96%
$1,326,000,000,000Canada
94%
$631,800,000,000Russia
94%
$10,090,000,000,000United Kingdom
94%
$5,165,000,000,000France
90%
$352,900,000,000Mexico
90%
$2,290,000,000,000Spain
90%
$376,000,000,000India
90%
$428,300,000,000Brazil
89%
$1,466,000,000,000Australia
89%
$2,460,000,000,000Italy
89%
$583,300,000,000Greece
88%
$1,563,000,000,000Switzerland
87%
$1,034,000,000,000Sweden
87%
$644,500,000,000Norway
87%
$331,400,000,000Turkey
84%
$577,700,000,000Finland
83%
$2,655,489,600,000The Netherlands
83%
$883,500,000,000Austria
82%
$1,424,000,000,000Belgium
82%
$548,800,000,000Portugal
79%
$364,200,000,000Poland
79%
$626,900,000,000Denmark
78%
$2,163,000,000,000Ireland
78%
$436,900,000,000South Korea
76%
$251,200,000,000Indonesia
65%
$2,146,000,000,000Luxembourg
49%

Score Distribution

Percentile by Number Answered

Percent of People with Each Score

Your Score History

You have not taken this quiz